000
00299nam a22001337a 4500
008
170310b xxu||||| |||| 00| 0 eng d
020
_a
9780912423296
041
_a
eng
080
_2
12 ED
_a
616 002.77
100
_a
7
101
_a
SHM
245
_a
RHEUMATIC DISEASE
_c
KLIPPEL.J.H
942
_2
udc
_c
BK
999
_c
7456
_d
7456